000 00416nam a22001817a 4500
003 MPLRDC
005 20220104114230.0
008 210129b ||||| |||| 00| 0 eng d
020 _a7-5410-0241-0
082 _a857.48 XXS
100 _a兰陵笑笑生
245 _a金瓶梅
_c
250 _a一版一刷
260 _a
_b四川美术出版社
_c1988
300 _b
650 _a
942 _cBK
_o857.48 XXS
999 _c5868
_d5858